000 00240 a2200109 4500
245 _aMukiwa
_b : A white boy in Africa
_hText
020 _a0330339842
100 _aPeter Godwin
650 _aHistory
005 20191017173343.0
260 _c1996
084 _aDT2991.54
999 _c10143
_d10143